| 000 | 01077cam a2200313 a 4500 | ||
|---|---|---|---|
| 001 | 000019348 | ||
| 003 | DO-SdBNP | ||
| 005 | 20240305121310.0 | ||
| 007 | ta | ||
| 008 | 041112s1968 sp b s000 e spa d | ||
| 035 | _a(SP-BaPL)pu040081526 | ||
| 040 |
_aDO-SdBNP _bspa _cBNPHU |
||
| 049 | _aBNGR | ||
| 082 | 4 |
_a864.62 _bC419m 1968 _222 |
|
| 100 | 1 |
_aMaeztu, Ramiro de, _d1875-1936 _93100 |
|
| 245 | 1 | 0 |
_aDon Quijote, Don Juan y la Celestina : _bensayos de simpatía / _cRamiro de Maeztu. |
| 250 | _a10a ed. | ||
| 260 |
_aMadrid : _bEspasa-Calpe, _c1968. |
||
| 300 |
_a212, [16] p. ; _c22 cm. |
||
| 490 | 1 |
_aAustral. Verde: ensayos y filosofía _v31 |
|
| 500 | _aIncluye índice de autores | ||
| 600 | 1 | 4 |
_aCervantes Saavedra, Miguel de, _d1547-1616. _tDon Quixote. _941580 |
| 600 | 1 | 4 |
_aRojas, Fernando de, _dd. 1541. _tCelestina. _941581 |
| 650 | 4 |
_aEnsayos españoles _xColecciones _941579 |
|
| 650 | 4 |
_aLiteratura española _ySiglo XX _93326 |
|
| 830 | 0 |
_aAustral. _pVerde: ensayos y filosofía; _v31 _98733 |
|
| 910 | _aCatalogación derivada / LC | ||
| 942 |
_2ddc _cLBS1 |
||
| 999 |
_c18865 _d18865 |
||